| 000 | 00952nam a2200229 a 4500 | ||
|---|---|---|---|
| 001 | 49578 | ||
| 003 | BD-RjUL | ||
| 005 | 20211209054710.0 | ||
| 008 | 160821s1989 ii ||||| |||| 00| p ben d | ||
| 020 | _c: Tk. 75.00 | ||
| 035 | _a(BD-RjUL) 49697 | ||
| 040 |
_aBD-RjUL _bben _cBD-RjUL |
||
| 041 | _aben | ||
| 082 |
_223 _a891.44109 _bDAT 1989 |
||
| 100 | 1 |
_aদাশগুপ্ত, শশিভূষণ _9148683 |
|
| 245 | 1 | 0 |
_aত্রয়ী : _bবাল্মীকি কালিদাস রবীন্দ্রনাথ / _cশশিভূষণ দাশগুপ্ত |
| 260 |
_aকলিকাতা : _bসুপ্রীম পাবলিশার্স, _c১৯৮৯ (১৩৯৬) |
||
| 300 |
_a২২২ পৃ. ; _c২১ সেমি. |
||
| 650 |
_aবাংলা কবিতা _xইতিহাস ও সমালোচনা _9148684 |
||
| 650 |
_aBengali Poetry _xHistory and Criticism _9148685 |
||
| 942 |
_2ddc _cBK |
||
| 999 |
_c49578 _d49578 |
||